| 000 | 00000nam 2200000za 4500 |
| 001 | 9.676571 |
| 003 | CaOODSP |
| 005 | 20250108144501 |
| 007 | cr ||||||||||| |
| 008 | 150407|2011||||xxc|||||o f|0| 0 chi d |
| 040 | |aCaOODSP|beng |
| 041 | |achi |
| 043 | |an-cn--- |
| 086 | 1 |aA15-11508/2011Ch-PDF |
| 110 | 1 |aCanada. |bAgriculture and Agri-Food Canada. |
| 245 | 10|a[Canadian lobster and snow crab] : |h[electronic resource]|b[fresh from the ocean]. |
| 250 | |a[Chinese edition]. |
| 260 | |aOttawa - Ontario : |bAgriculture and Agri-Food Canada |c[2011]. |
| 300 | |a2p. |
| 500 | |aIssued also in English under title: Canadian lobster and snow crab: fresh from the ocean. |
| 546 | |aText in Chinese. |
| 590 | |a13-10-Supp|b2013-04-13 |
| 690 | 07|aAgri-food industry|2gcpds |
| 775 | 08|tCanadian lobster and snow crab : |w(CaOODSP)9.695134 |
| 792 | |t[Homard et crabe des neiges canadiens] : |efre|w(CaOODSP)9.676572 |
| 856 | 40|ahttp://publications.gc.ca|qPDF|s1.02 MB|uhttps://publications.gc.ca/collections/collection_2013/aac-aafc/A15-11508-2011-chi.pdf |